Sierra Leone -visa - Statistics

Yleistilastot
  • Tätä visaa on pelattu 225 kertaa
  • Keskiarvotulos 10 / 18
Vastaustilastot
Vihje Vastaus % Oikein
Naapurimaat Guinea
92%
Naapurimaat Liberia
92%
Tauti, jonka aiheuttama epidemia tappoi lähes 4000 ihmistä vuosina 2013–2016 Ebola
90%
Valtio, jonka hallinnassa se oli 1808–1961 Yhdistynyt kuningaskunta
90%
Yleisin uskonto Islam
89%
Virallinen kieli Englanti
88%
Pääkaupunki Freetown
81%
Yllä oleva perustettiin alun perin Amerikasta _______ ____lle vuonna 1787 Vapautetuille orjille
65%
Tärkein vientituote Timantti
60%
Tärkein viljelykasvi Riisi
59%
2006 tehty elokuva yllä olevan kaupasta Blood Diamond - veritimantti
53%
Sierra Leonen nimen merkitys suomeksi Leijonavuoret
39%
Valuutta Leone
38%
Ishmael Beah’n vuonna 2007 ilmestynyt kirja, jossa hän kertoo nuoruudestaan lapsisotilaana Sierra Leonen sisällissodassa {Leikin} loppu
30%
Toiseksi suurin kaupunki Bo
17%
Läntisen Afrikan korkein vuori Loma Mansa
13%
Kaksi suurinta etnistä ryhmää Mendet
13%
Kaksi suurinta etnistä ryhmää Temnet
13%
Ehtoja vastaavia visoja ei löytynyt
Tulosjakauma
Jokaisen tuloksen saaneiden osuus
Persentiili vastausten määrän mukaan
Tuloshistoriasi
Et ole pelannut tätä visaa